| 000 | 01522 a2200421 4500 | ||
|---|---|---|---|
| 999 |
_c200129511 _d6767 |
||
| 001 | 200129511 | ||
| 003 | TR-AnTOB | ||
| 005 | 20231204094137.0 | ||
| 008 | 130527b tu 000 0 | ||
| 020 | _a9758273876 | ||
| 040 |
_aTR-AnTOB _cTR-AnTOB _beng _erda |
||
| 041 | 0 |
_atur _aeng |
|
| 050 | 0 | 0 |
_aQH192 _b.D64 2006 |
| 090 | _aQH192 .D64 2006 | ||
| 110 |
_aTürkiye. _bÇevre ve Orman Bakanlığı _989716 |
||
| 245 | 0 | 0 |
_aDoğanın penceresinden Türkiye _bTurkey through the window of nature / _cyayına hazırlayan Enver Kurgun, Sinan Deliduman, Aycan Sargın ; editör Tansu Gürpınar. |
| 246 | 3 | 1 | _aTurkey through the window of nature. |
| 264 | 1 |
_aAnkara : _bT.C. Çevre ve Orman Bakanlığı, _c2006. |
|
| 300 |
_a240 sayfa: _bfoto. ; _c31 cm |
||
| 336 |
_2rdacontent _atext _btxt |
||
| 337 |
_2rdamedia _aunmediated _bn |
||
| 338 |
_2rdacarrier _avolume _bnc |
||
| 490 | 0 |
_aT.C. Çevre ve Orman Bakanlığı ; _v297 |
|
| 650 | 0 |
_aDoğa tarihi _zTürkiye _989717 |
|
| 650 | 0 | 0 |
_aNatural areas _zTurkey _989718 |
| 650 | 0 | 7 |
_aDoğal alanlar _zTürkiye _2etuturkob _989719 |
| 650 | 0 |
_aNatural history _zTurkey _989722 |
|
| 650 | 0 |
_aNature photography _989721 |
|
| 650 | 0 |
_aDoğa fotoğrafçılığı _989720 |
|
| 651 | 0 |
_aTürkiye _xGezi ve tanıtım _9129112 |
|
| 700 | 1 |
_aGürpınar, Tansu _944136 |
|
| 700 | 1 |
_aKurgun, Enver _986851 |
|
| 700 | 1 |
_aDeliduman, Sinan _989714 |
|
| 700 | 1 |
_aSargın, Aycan _989715 |
|
| 710 |
_aTürkiye. _bÇevre ve Orman Bakanlığı _989716 |
||
| 942 |
_cBK _2lcc |
||